Comprehensive guide to counseling psychology (Record no. 393692)
[ view plain ]
| 000 -LEADER | |
|---|---|
| fixed length control field | 00590 a2200217 4500 |
| 005 - DATE & TIME | |
| control field | 20260129110819.0 |
| 008 - FIXED-LENGTH DATA ELEMENTS--GENERAL INFORMATION | |
| fixed length control field | 260128b |||||||| |||| 00| 0 eng d |
| 020 ## - ISBN | |
| International Standard Book Number | 9789359776538 |
| Price | Rs. 2195.00 |
| 040 ## - CATALOGING SOURCE | |
| Original cataloging agency | VIVEKANANDA LIBRARY |
| 082 ## - DDC NUMBER | |
| Classification number | 158.3 |
| Book Number | F177C |
| 100 ## - MAIN ENTRY--PERSONAL NAME | |
| Personal name | Faizee, Mohammad |
| 245 ## - TITLE STATEMENT | |
| Title | Comprehensive guide to counseling psychology |
| 260 ## - PUBLICATION, DISTRIBUTION, ETC. (IMPRINT) | |
| Name of publisher, distributor, etc | The Readers Paradise |
| Date of publication, distribution, etc | 2024 |
| Place of publication, distribution, etc | New Delhi |
| 300 ## - PHYSICAL DESCRIPTION | |
| Pages | 312 |
| 440 ## - Series Statement | |
| Series Title | Readings in psychology |
| 650 ## - Subject | |
| Subject | Psychology |
| 650 ## - Subject | |
| Subject | Counselling Psychology |
| 650 ## - Subject | |
| Subject | Applied Psychology |
| 700 ## - Added Entry Personal Name | |
| Added Entry Personal Name | Husain, Akbar |
| 942 ## - ADDED ENTRY ELEMENTS (KOHA) | |
| Koha item type | Books |
| Withdrawn status | Lost status | Source of classification or shelving scheme | Damaged status | Not for loan | Location (home branch) | Sublocation or collection (holding branch) | Shelving location | Date acquired | Koha issues (times borrowed) | Koha full call number | Accession No. | Koha date last seen | Koha item type |
|---|---|---|---|---|---|---|---|---|---|---|---|---|---|
| Dewey Decimal Classification | VIVEKANANDA LIBRARY | VIVEKANANDA LIBRARY | Vivekananda Library | 03/12/2025 | 158.3 F177C | 443379 | 03/12/2025 | Books |
